Normal view
MARC view
Entry Personal Name
001 - CONTROL NUMBER
- control field: 18975
003 - CONTROL NUMBER IDENTIFIER
- control field: OSt
005 - DATE AND TIME OF LATEST TRANSACTION
- control field: 20240724100930.0
008 - FIXED-LENGTH DATA ELEMENTS
- fixed length control field: 240724|| aca||aabn | a|a d
040 ## - CATALOGING SOURCE
- Original cataloging agency: OSt
- Transcribing agency: OSt
100 ## - HEADING--PERSONAL NAME
- Personal name: Linda McCarthy
670 ## - SOURCE DATA FOUND
- Source citation: Work cat.: (OSt)9282: Know, Paul 18973, The geography of the world economy, 2003
